000 01035cab a2200265 4500
001 WB3130-53
008 090401t1995 xxu||||| |||| 00| 0 eng d
035 _a(Sirsi) u46177
041 _aeng
245 _aFarmers bullish in buoyant land market
260 _c1995
350 _a0
490 _aRICS Press Release
_v(107) 28 July 1995 £30
490 _aFinancial Times
_v3 August 1995, 8(13)
520 _aThe RICS survey of the agricultural land market for 2Q 1995, shows it to be by far the most buoyant of the major property sectors, as profitability of agriculture stimulates demand for land. Comments on the effect on value of classification of land as a Nitrate Vulnerable Zone. Quarterly survey available on subscription for £100pa.
650 _aCAP
650 _aFARMLAND MARKET
650 _aFARMLAND PRICES
650 _aNITRATE VULNERABLE ZONES
650 _aNITRATE VULNERABLE ZONES
650 _aRICS FARMLAND PRICE INDEX AND SURVEY
690 _aRURAL PRACTICE
942 _n0
948 _c04/03/1997
999 _c29221
_d29221